• 首页
  • 本馆介绍
  • 公告通知
  • 最新文献
  • 馆藏检索
  • 电子资源
  • 读者导购
  • 参考咨询
  • 我的图书馆
  • 登录
  • 详细信息显示
  • 放入我的书架
  • 预约/预借图书
  • 作者相关作品
  • 分类相关作品
  • 丛书相关作品
  • 出版社相关作品

书目信息

  • 表格格式
  • 工作单格式
  • 卡片格式
题名:
日本书法通鉴
    
 
作者: 陈振濂 编著
分册:  
出版信息: 郑州   河南美术出版社  1989.6
页数: 931页
开本: 26厘米
丛书名:
单 册:
中图分类: J293
科图分类:
主题词: 书法--日本
电子资源:
ISBN: 7-5401-0078-8
000 00768nam0 2200229 45
001 0190006052
005 20061114145252.14
010    @a7-5401-0078-8@b精装@dCNY46.50
100    @a19921105d1989 em y0chiy0121 ea
101 0  @achi
102    @aCN@b410000
105    @ay z 000yy
200 10 @a日本书法通鉴@ARI BEN SHU FA TONG JIAN@f陈振濂编著@FCHEN ZHEN LIAN BIAN ZHU
210    @a郑州@c河南美术出版社@d1989.6
215    @a931页@d26厘米
330    @a本书是从大和,奈良的上代直到昭和的现代为止,撷取各时代的代表性书法名作图版,以展示日本书法发展的丰富历程。
540 1  @a日本 书法 通鉴@ARI BEN SHU FA TONG JIAN
606    @a书法@y日本
690    @aJ293@v三版
701  0 @a陈振濂@ACHEN ZHEN LIAN@4编著
801  0 @aCN@bTSSF@c20061114
905    @a10447@dJ293@e220
    
    日本书法通鉴/陈振濂编著.-郑州:河南美术出版社,1989.6
    931页;26厘米
    
    
    ISBN 7-5401-0078-8(精装):CNY46.50
    本书是从大和,奈良的上代直到昭和的现代为止,撷取各时代的代表性书法名作图版,以展示日本书法发展的丰富历程。
●
相关链接 在E读中查询图书 在五车中查询图书 在当当中查询图书 在豆瓣中查询图书


正题名:日本书法通鉴     索取号:J293/220         预约/预借

序号 登录号 条形码 馆藏地/架位号 状态 备注
1 0227022   000696027   第一样本阅览室/ [索取号:J293/220] 在馆    
唐山师范学院图书馆 欢迎您!
大连网信软件有限公司© 版权所有